| 000 | 00428nam a2200169Ia 4500 | ||
|---|---|---|---|
| 008 | 230524s9999 xx 000 0 und d | ||
| 020 | _a8129706865 | ||
| 082 |
_a621.382 _bSTE |
||
| 100 | _aHarold P.E.Stern | ||
| 245 | 0 | _aCommunication Systems Analysis & Design | |
| 260 |
_aNEW DELHI _bPearson _c2004 |
||
| 300 | _a530 | ||
| 500 | _aQuantity Number: 2 | ||
| 650 | _aElectronics | ||
| 700 | _a Samy A. Mahmoud | ||
| 942 | _cBK | ||
| 999 |
_c5168 _d5168 |
||